Guess the Harry Potter Movies by Scene #11 - Statistics

General Stats
  • This quiz has been taken 116 times
  • The average score is 18 of 20
Answer Stats
Picture Answer % Correct
Philosopher's Stone
100%
Prisoner of Azkaban
100%
Prisoner of Azkaban
100%
Order of the Phoenix
96%
Philosopher's Stone
96%
Prisoner of Azkaban
96%
Chamber of Secrets
92%
Deathly Hallows – Part 1
92%
Goblet of Fire
92%
Deathly Hallows – Part 2
88%
Deathly Hallows – Part 2
88%
Half-Blood Prince
88%
Deathly Hallows – Part 1
84%
Deathly Hallows – Part 2
84%
Half-Blood Prince
84%
Prisoner of Azkaban
84%
Deathly Hallows – Part 2
80%
Half-Blood Prince
80%
Order of the Phoenix
80%
Goblet of Fire
76%
No matching quizzes found
Score Distribution
Percent of People with Each Score
Percentile by Number Answered
Your Score History
You have not taken this quiz